00842 a2200205 4500003000500000005001700005010001300022040000900035082001200044100002900056245003900085260006000124300003600184505019700220600002900417650002900446942002100475999001900496952012100515NUST20230125153724.0 a35000441 cNust a823,THO aThorne, Anthony.9107666 aDelay in the sun /cAnthony Thorne aN.Y., Doubleday, Doran company, incbGarden Citycc1934 a6 p. l., 3-301 pb illusc21 cm aHalt For Refreshment (Page-7),The Beginning Of A Sentence (Page-30), Semicolon(Page-58),The End Of The Sentence (Page-87), Discordant Echo (Page-140),The End Is Always A Beginning (Page-165). aThorne, Anthony.9107666 aDelay in the sun9107667 2ddccBKk823,THO c185951d185951 00102ddc4070aMCSbMCScGENd2016-12-12o823,THOpMCS30145r2016-12-08w2016-12-12yBKzAlmirah No.57, Shelf No.6